Harry Potter Killers - Statistics

General Stats
  • This quiz has been taken 64 times
  • The average score is 17 of 20
Answer Stats
Hint Answer % Correct
Moaning Myrtle Basilisk
98%
James Potter Lord Voldemort
98%
Lily Potter Lord Voldemort
98%
Peter Pettigrew Lord Voldemort
98%
Charity Burbage Lord Voldemort
98%
Gellert Grindelwald Lord Voldemort
98%
Severus Snape Lord Voldemort
98%
Alastor (Mad-Eye) Moody Lord Voldemort
98%
Albus Dumbledore Severus Snape
98%
Sirius Black Bellatrix Lestrange
90%
Dobby Bellatrix Lestrange
90%
Nagini Neville Longbottom
86%
Bellatrix Lestrange Molly Weasley
85%
Barty Crouch Sr. Barty Crouch Jr.
81%
Cedric Diggory Peter Pettigrew
81%
Tom Riddle Sr. Tom Riddle
73%
Thomas Riddle Tom Riddle
73%
Mary Riddle Tom Riddle
73%
Helena Ravenclaw Bloody Baron
64%
Regulus Black Inferi
51%
No matching quizzes found
Score Distribution
Percent of People with Each Score
Percentile by Number Answered
Your Score History
You have not taken this quiz